| 000 | 00829nam a2200265Ia 4500 | ||
|---|---|---|---|
| 003 | OSt | ||
| 005 | 20220928112748.0 | ||
| 006 | a|||||r|||| 00| 0 | ||
| 007 | ta | ||
| 008 | 220927b |||||||| |||| 00| 0 eng d | ||
| 020 | _c6696.8000000000002 | ||
| 024 | _a124258 | ||
| 037 |
_b2592, 04/09/2014, Ashutosh Technical Books _cTextual |
||
| 040 |
_aSDCL _cSDCL _beng |
||
| 041 |
_2eng _aeng |
||
| 082 | _aL72, Q3 | ||
| 100 |
_aAuletta Gennaro _9429745 |
||
| 245 | 0 |
_aBrains top down _b Is top-down causation challenging neuroscience ? |
|
| 260 |
_aChennai _bWorld Scientific _c2013 |
||
| 300 |
_av;365p _ccm. |
||
| 650 | _aBiophysics | ||
| 700 |
_a Colage Ivan _9429746 |
||
| 942 |
_hL72, Q3 _cTEXL _2CC |
||
| 999 |
_c746226 _d746226 |
||